Early years of adventure : (Record no. 9830)

MARC details
000 -LEADER
fixed length control field 00648cam a22002172 4500
001 - CONTROL NUMBER
control field 0000023471
005 - DATE AND TIME OF LATEST TRANSACTION
control field 20151217152241.0
008 - FIXED-LENGTH DATA ELEMENTS--GENERAL INFORMATION
fixed length control field 130122s xx 000 0 eng d
020 ## - INTERNATIONAL STANDARD BOOK NUMBER
International Standard Book Number 1403198938 :
040 ## - CATALOGING SOURCE
Original cataloging agency KABU
Transcribing agency KABU
100 1# - MAIN ENTRY--PERSONAL NAME
Personal name Hubbard, L. Ron.
-- 0000182885
245 10 - TITLE STATEMENT
Title Early years of adventure :
Remainder of title letters & journals /
Statement of responsibility, etc. L. Ron Hubbard.
250 ## - EDITION STATEMENT
Edition statement 2nd ed.
260 ## - PUBLICATION, DISTRIBUTION, ETC. (IMPRINT)
Place of publication, distribution, etc. Commerce, CA :
Name of publisher, distributor, etc. Bridge Publications,
Date of publication, distribution, etc. 2012.
300 ## - PHYSICAL DESCRIPTION
Extent 181 p.
600 10 - SUBJECT ADDED ENTRY--PERSONAL NAME
Personal name Hubbard, L. Ron.
-- 0000182885
650 #0 - SUBJECT ADDED ENTRY--TOPICAL TERM
Topical term or geographic name as entry element Dianetics.
-- 0000182893
852 1# - LOCATION
-- p1000 KES
908 ## - PUT COMMAND PARAMETER (RLIN)
Put command parameter 130122
950 ## - LOCAL HOLDINGS (RLIN)
-- 1
Holdings
Withdrawn status Lost status Source of classification or shelving scheme Not for loan Home library Current library Date acquired Total Checkouts Full call number Barcode Date last seen Price effective from Koha item type
    Library of Congress Classification   Kabarak, Main Campus Kabarak, Main Campus 17/12/2015   BP605 .S2H83 2012 c. 1 014330 02/08/2024 17/12/2015 General Collection
Designed with assistance from East African Informatics Ltd